[Event "Paul Keres mem (31st)"]
[Site "Vancouver CAN"]
[Date "2006.05.20"]
[Round "2.10"]
[White "Phonchiangkwong, Sumon Chai"]
[Black "Burke, Paul"]
[Result "0-1"]
[WhiteElo "1881"]
[BlackElo "2032"]
[PlyCount "90"]
[EventDate "2006.05.19"]
[EventType "swiss"]
[EventRounds "6"]
[EventCountry "CAN"]

1. e4 c5 2. Nf3 Nc6 3. d4 cxd4 4. Nxd4 Nf6 5. Nc3 e5 6. Nb3 Bb4 7. Bc4 O-O 8.
f3 Bxc3+ 9. bxc3 Na5 10. Nxa5 Qxa5 11. Qd3 h6 12. Be3 d6 13. O-O Qc7 14. Rab1
Be6 15. Bb3 b6 16. Rfd1 Rfd8 17. Bxe6 fxe6 18. c4 Rac8 19. Rb4 Qe7 20. Rb5 Qc7
21. Rb4 Qf7 22. Qa3 d5 23. Ra4 Rd7 24. exd5 exd5 25. cxd5 Nxd5 26. Rd2 Rcd8 27.
Re2 Nxe3 28. Qxe3 Rd1+ 29. Kf2 R8d4 30. Ra3 e4 31. Qb3 Qxb3 32. axb3 exf3 33.
gxf3 a5 34. Ra2 R1d2 35. Ke3 Rxe2+ 36. Kxe2 Rh4 37. Kd3 Rxh2 38. Ra1 Rf2 39.
Kc4 Rxc2+ 40. Kb5 Rb2 41. Ra3 g5 42. Kxb6 a4 43. Kc5 Rxb3 44. Rxa4 Rxf3 45. Kd5
Kg7 0-1

[Event "Paul Keres mem (31st)"]
[Site "Vancouver CAN"]
[Date "2006.05.20"]
[Round "2.11"]
[White "Jiganchine, Roman"]
[Black "Long, Hugh"]
[Result "1-0"]
[WhiteElo "2241"]
[BlackElo "1724"]
[PlyCount "49"]
[EventDate "2006.05.19"]
[EventType "swiss"]
[EventRounds "6"]
[EventCountry "CAN"]

1. e4 e6 2. d4 d5 3. Nd2 Nf6 4. e5 Nfd7 5. Bd3 c5 6. c3 Nc6 7. Ngf3 Qb6 8. O-O
cxd4 9. cxd4 Nxd4 10. Nxd4 Qxd4 11. Nf3 Qb6 12. a3 Be7 13. Qa4 O-O 14. Be3 Qd8
15. Rac1 f6 16. exf6 Nxf6 17. Ne5 Nd7 18. Rxc8 Rxc8 19. Nxd7 Rf7 20. Ne5 Rf8
21. Qg4 Qd6 22. Qh5 Rf5 23. Bxf5 exf5 24. Qf7+ Kh8 25. Qxf5 1-0

[Event "Paul Keres mem (31st)"]
[Site "Vancouver CAN"]
[Date "2006.05.20"]
[Round "2.12"]
[White "Schemm, Michael"]
[Black "Herodek, Joseph"]
[Result "1-0"]
[WhiteElo "2033"]
[BlackElo "1937"]
[PlyCount "89"]
[EventDate "2006.05.19"]
[EventType "swiss"]
[EventRounds "6"]
[EventCountry "CAN"]

1. Nf3 Nf6 2. g3 Nc6 3. Bg2 e5 4. d3 d5 5. O-O Be7 6. a3 O-O 7. b4 a6 8. Bb2
Bd6 9. c4 Re8 10. Nbd2 Rb8 11. cxd5 Nxd5 12. Rc1 Nf6 13. Nc4 Bg4 14. h3 Bd7 15.
e3 Qc8 16. Kh2 Qd8 17. Qb3 h6 18. a4 Be6 19. b5 Na5 20. Qc3 Nxc4 21. dxc4 axb5
22. axb5 Ra8 23. Rfd1 Qc8 24. Nd2 Rd8 25. f4 exf4 26. exf4 Bf8 27. Nb3 Rxd1 28.
Rxd1 Qe8 29. Nd4 Rd8 30. Re1 Qd7 31. Qe3 Bc5 32. Rd1 Bxc4 33. Bf3 Qe7 34. Nf5
Qf8 35. Qc1 Rxd1 36. Qxd1 Be6 37. Nxh6+ Kh7 38. Ng4 Nxg4+ 39. hxg4 Qe7 40. Qd3+
Kg8 41. Qc3 f6 42. f5 Bc8 43. Qc4+ Kh8 44. Be4 Bd7 45. Bc2 1-0

[Event "Paul Keres mem (31st)"]
[Site "Vancouver CAN"]
[Date "2006.05.20"]
[Round "2.13"]
[White "Healy, Tom"]
[Black "Ozkan, Charlie"]
[Result "1-0"]
[WhiteElo "2026"]
[BlackElo "1901"]
[PlyCount "67"]
[EventDate "2006.05.19"]
[EventType "swiss"]
[EventRounds "6"]
[EventCountry "CAN"]

1. e4 c6 2. d4 d5 3. e5 Bf5 4. Bd3 Bxd3 5. Qxd3 e6 6. Ne2 Nd7 7. O-O c5 8. c3
Qc7 9. Be3 Ne7 10. Ng3 Nc6 11. a3 a5 12. b3 b5 13. f4 c4 14. bxc4 bxc4 15. Qc2
g6 16. Nd2 a4 17. Ne2 Ra7 18. g4 h5 19. f5 gxf5 20. gxf5 Bh6 21. Bxh6 Rxh6 22.
Nf3 Nf8 23. f6 Ng6 24. Rab1 Kd8 25. Rb5 Na5 26. Qxa4 Nc6 27. Qc2 Rxa3 28. Qc1
Ra2 29. Qxh6 Rxe2 30. Qg7 Ngxe5 31. dxe5 Nxe5 32. Qf8+ Kd7 33. Qe7+ Kc6 34.
Nd4# 1-0

[Event "Paul Keres mem (31st)"]
[Site "Vancouver CAN"]
[Date "2006.05.20"]
[Round "2.14"]
[White "Gaciu, Vlad"]
[Black "Niksic, John"]
[Result "0-1"]
[WhiteElo "1748"]
[BlackElo "2005"]
[PlyCount "122"]
[EventDate "2006.05.19"]
[EventType "swiss"]
[EventRounds "6"]
[EventCountry "CAN"]

1. e4 e6 2. d4 d5 3. Nc3 Bb4 4. Bd3 Nf6 5. e5 Nfd7 6. Qg4 Kf8 7. a3 h5 8. Qf4
Be7 9. Nf3 Kg8 10. b3 a6 11. Ne2 c5 12. c3 Nc6 13. h4 b5 14. Ng5 Bxg5 15. hxg5
g6 16. g4 hxg4 17. Rxh8+ Kxh8 18. Qxf7 Ndxe5 19. dxe5 Nxe5 20. Qf6+ Qxf6 21.
gxf6 Nxd3+ 22. Kd2 Nxf2 23. Kc2 e5 24. Be3 Bf5+ 25. Kb2 Ne4 26. Rd1 d4 27. cxd4
cxd4 28. Nxd4 exd4 29. Bxd4 Kg8 30. Rc1 Rc8 31. Rh1 Rc2+ 32. Ka1 Nd2 33. Bb2
Nxb3+ 34. Ka2 Be6 35. Kb1 Rxb2+ 36. Kxb2 Kf7 37. Rf1 Nd2 38. Rf4 Nc4+ 39. Kb3
Nb6+ 40. Kb2 Nd5 41. Rf1 Bf5 42. Kb3 Kxf6 43. a4 bxa4+ 44. Kxa4 Kg5 45. Ka5 g3
46. Rg1 Kf4 47. Kxa6 Kf3 48. Kb5 Kf2 49. Ra1 Nc3+ 50. Kc4 Ne2 51. Kd5 g2 52.
Ke5 g1=Q 53. Rxg1 Kxg1 54. Kf6 Kg2 55. Kg5 Kg3 56. Kh6 Kf4 57. Kg7 g5 58. Kg8
g4 59. Kh8 g3 60. Kg7 g2 61. Kh6 g1=Q 0-1

[Event "Paul Keres mem (31st)"]
[Site "Vancouver CAN"]
[Date "2006.05.20"]
[Round "2.15"]
[White "Hughey, Micah"]
[Black "Milner, Arik"]
[Result "1-0"]
[WhiteElo "2005"]
[BlackElo "1730"]
[PlyCount "81"]
[EventDate "2006.05.19"]
[EventType "swiss"]
[EventRounds "6"]
[EventCountry "CAN"]

1. e4 c6 2. d4 d5 3. exd5 cxd5 4. c4 Nf6 5. Nc3 Nc6 6. Nf3 e6 7. c5 Be7 8. Bd3
O-O 9. a3 Qc7 10. O-O a6 11. Bg5 h6 12. Bh4 Nh5 13. Bxe7 Qxe7 14. Re1 Nf6 15.
b4 b5 16. Bc2 Bd7 17. Qd3 Qd8 18. Ne5 Qc7 19. Ng4 Ne4 20. f3 f5 21. fxe4 dxe4
22. Nxe4 Qf4 23. Nef2 Qxd4 24. Ne5 Qxd3 25. Nfxd3 Nd4 26. Nxd7 Nxc2 27. Nxf8
Kxf8 28. Rac1 Nxe1 29. Rxe1 Kf7 30. Ne5+ Kf6 31. Nd7+ Ke7 32. Nb6 Rb8 33. Rd1
Rb7 34. Rd6 e5 35. Nc8+ Kf7 36. Rxa6 Rb8 37. Nd6+ Ke6 38. Nxb5+ Kd5 39. c6 e4
40. c7 Re8 41. Nd6 1-0

[Event "Paul Keres mem (31st)"]
[Site "Vancouver CAN"]
[Date "2006.05.20"]
[Round "2.16"]
[White "North, Robert"]
[Black "Toubale, Tarek"]
[Result "0-1"]
[WhiteElo "1966"]
[BlackElo "2166"]
[PlyCount "98"]
[EventDate "2006.05.19"]
[EventType "swiss"]
[EventRounds "6"]
[EventCountry "CAN"]

1. d4 Nf6 2. c4 Nc6 3. Nf3 e6 4. g3 Bb4+ 5. Bd2 Bxd2+ 6. Qxd2 O-O 7. Bg2 d6 8.
Nc3 e5 9. O-O Bg4 10. d5 Ne7 11. e4 Qd7 12. Ne1 Ng6 13. Nd3 Bh3 14. f3 Bxg2 15.
Kxg2 c6 16. h3 cxd5 17. cxd5 Rac8 18. Rfc1 Rc7 19. Rc2 Rfc8 20. Rac1 Ne8 21.
Qf2 a6 22. b3 f5 23. exf5 Qxf5 24. Ne4 Qd7 25. Rxc7 Rxc7 26. Qb6 Rxc1 27. Nxc1
Ne7 28. Nc3 Qc7 29. Qb4 Nf6 30. Qc4 Qb6 31. N1e2 Kf7 32. f4 Qe3 33. fxe5 Qxe5
34. Nf4 b5 35. Qd3 b4 36. Nce2 g5 37. Ne6 Nexd5 38. Nd8+ Ke8 39. Nc6 Qe4+ 40.
Qxe4+ Nxe4 41. Kf3 Nef6 42. Nc1 Kd7 43. Nd4 Nc3 44. Ke3 Nh5 45. Kf3 Nf6 46. Ke3
d5 47. Nc2 a5 48. Kd4 Kd6 49. a3 Nb5+ 0-1

[Event "Paul Keres mem (31st)"]
[Site "Vancouver CAN"]
[Date "2006.05.20"]
[Round "3.1"]
[White "Berry, Jonathan"]
[Black "Pechisker, Alfred"]
[Result "1/2-1/2"]
[WhiteElo "2298"]
[BlackElo "2250"]
[PlyCount "55"]
[EventDate "2006.05.19"]
[EventType "swiss"]
[EventRounds "6"]
[EventCountry "CAN"]

1. e4 c5 2. Nf3 d6 3. Bb5+ Bd7 4. Bxd7+ Nxd7 5. O-O Ngf6 6. Re1 e6 7. b3 Be7 8.
c4 e5 9. Nc3 g6 10. d3 Nh5 11. a3 Ng7 12. b4 b6 13. Nd5 O-O 14. a4 f5 15. a5
Nf6 16. axb6 Nxd5 17. b7 Nxb4 18. bxa8=Q Qxa8 19. Bh6 Qb7 20. Qe2 Bd8 21. Reb1
Qd7 22. Ne1 f4 23. h3 Rf7 24. Bxg7 Kxg7 25. Qg4 Qc7 26. Rb3 h5 27. Qd1 Qd7 28.
Rba3 1/2-1/2

[Event "Paul Keres mem (31st)"]
[Site "Vancouver CAN"]
[Date "2006.05.20"]
[Round "3.3"]
[White "Orlov, Georgi"]
[Black "Davies, Noam"]
[Result "1-0"]
[WhiteElo "2587"]
[BlackElo "2038"]
[PlyCount "43"]
[EventDate "2006.05.19"]
[EventType "swiss"]
[EventRounds "6"]
[EventCountry "CAN"]

1. d4 Nf6 2. Nf3 g6 3. c4 Bg7 4. Nc3 d5 5. e3 c5 6. dxc5 Qa5 7. Bd2 dxc4 8. Na4
Qc7 9. Bxc4 Bd7 10. Rc1 Nc6 11. b4 Rd8 12. Qb3 e6 13. Bc3 O-O 14. O-O Bc8 15.
Qc2 Ne8 16. Rfd1 Bxc3 17. Nxc3 Qe7 18. Rxd8 Nxd8 19. Rd1 Nc6 20. Ne4 b6 21. Bb5
Bd7 22. Qc3 1-0

[Event "Paul Keres mem (31st)"]
[Site "Vancouver CAN"]
[Date "2006.05.20"]
[Round "3.4"]
[White "Salcedo, Daniel"]
[Black "Patterson, Roger"]
[Result "1/2-1/2"]
[WhiteElo "2007"]
[BlackElo "2186"]
[PlyCount "47"]
[EventDate "2006.05.19"]
[EventType "swiss"]
[EventRounds "6"]
[EventCountry "CAN"]

1. d4 Nf6 2. c4 e6 3. Nc3 Bb4 4. e3 O-O 5. Bd3 c5 6. Qc2 d5 7. Nf3 cxd4 8. exd4
dxc4 9. Bxc4 b6 10. Bg5 Bb7 11. O-O-O Bxc3 12. bxc3 Nbd7 13. Ne5 Qc7 14. Nxd7
Nxd7 15. Bd3 h6 16. h4 Rac8 17. Rh3 f5 18. Bd2 Nf6 19. f3 Nd5 20. Kb2 Nf4 21.
Bxf4 Qxf4 22. Qd2 Qd6 23. Bc2 Bd5 24. Re1 1/2-1/2

[Event "Paul Keres mem (31st)"]
[Site "Vancouver CAN"]
[Date "2006.05.20"]
[Round "3.5"]
[White "Chan, James"]
[Black "Davies, Lucas"]
[Result "1/2-1/2"]
[WhiteElo "1973"]
[BlackElo "2154"]
[PlyCount "37"]
[EventDate "2006.05.19"]
[EventType "swiss"]
[EventRounds "6"]
[EventCountry "CAN"]

1. e4 c6 2. d4 d5 3. Nc3 dxe4 4. Nxe4 Nf6 5. Nxf6+ gxf6 6. c3 Bf5 7. Nf3 Nd7 8.
g3 Qc7 9. Bg2 Be4 10. O-O e6 11. Qe2 f5 12. Re1 Nf6 13. Bf1 Bxf3 14. Qxf3 O-O-O
15. Bg5 Be7 16. Bf4 Bd6 17. Bg5 Be7 18. Bf4 Bd6 19. Bg5 1/2-1/2

[Event "Paul Keres mem (31st)"]
[Site "Vancouver CAN"]
[Date "2006.05.20"]
[Round "3.6"]
[White "Burke, Paul"]
[Black "Kostin, Andrey"]
[Result "0-1"]
[WhiteElo "2032"]
[BlackElo "1963"]
[PlyCount "96"]
[EventDate "2006.05.19"]
[EventType "swiss"]
[EventRounds "6"]
[EventCountry "CAN"]

1. e4 e5 2. Nc3 Nf6 3. f4 d5 4. exd5 exf4 5. Nf3 Bd6 6. Be2 O-O 7. O-O Nbd7 8.
d4 Nb6 9. Nb5 Nbxd5 10. c4 Ne3 11. Bxe3 fxe3 12. c5 Be7 13. Nc3 Re8 14. Ng5 h6
15. Nxf7 Kxf7 16. Bc4+ Be6 17. d5 Kg8 18. dxe6 Qxd1 19. Raxd1 Bxc5 20. Kh1 Kh8
21. Rf5 Bb6 22. h3 c6 23. Re5 Re7 24. Bb3 a6 25. g4 Nh7 26. Kg2 Nf8 27. Re1
Rae8 28. Na4 Ba7 29. Nc5 Bxc5 30. Rxc5 Nxe6 31. Bxe6 Rxe6 32. Re2 Kg8 33. Rc3
Kf7 34. Rd3 R8e7 35. Kg3 c5 36. Kg2 b5 37. Rc3 c4 38. b3 cxb3 39. axb3 a5 40.
Rd3 Kf6 41. Kg3 a4 42. bxa4 bxa4 43. Ra3 Ra7 44. h4 Ke7 45. Kf3 Kd6 46. Rexe3
Rxe3+ 47. Kxe3 Ke5 48. h5 Ra5 0-1

[Event "Paul Keres mem (31st)"]
[Site "Vancouver CAN"]
[Date "2006.05.20"]
[Round "3.7"]
[White "Healy, Tom"]
[Black "Jiganchine, Roman"]
[Result "0-1"]
[WhiteElo "2026"]
[BlackElo "2241"]
[PlyCount "170"]
[EventDate "2006.05.19"]
[EventType "swiss"]
[EventRounds "6"]
[EventCountry "CAN"]

1. e4 c6 2. d4 d5 3. exd5 cxd5 4. Nf3 Nf6 5. Be2 Nc6 6. O-O Bg4 7. c3 e6 8. h3
Bh5 9. Re1 Be7 10. Nbd2 O-O 11. Ne5 Bxe2 12. Qxe2 Nxe5 13. dxe5 Nd7 14. Nf3 Rc8
15. Be3 a6 16. Bd4 Qc7 17. Rad1 Qc4 18. Qxc4 Rxc4 19. Nd2 Rc7 20. g3 Rfc8 21.
Kg2 h6 22. h4 h5 23. Re2 g6 24. f3 b5 25. a3 a5 26. Nb3 Ra8 27. Ra1 a4 28. Nc1
Nb8 29. Nd3 Nc6 30. Bf2 Rcc8 31. Rd1 Na5 32. Bd4 Rab8 33. Bf2 Rb7 34. Bg1 Nb3
35. Bf2 Rc4 36. Nc1 Nxc1 37. Rxc1 b4 38. axb4 Bxb4 39. Ra1 Be7 40. Bd4 Rb3 41.
Rd2 Kg7 42. f4 a3 43. bxa3 Bxa3 44. Rc2 Bc5 45. Bxc5 Rxc5 46. Rac1 Ra5 47. Rd1
Raa3 48. Rd3 Ra1 49. Rdd2 Re1 50. Rd3 f6 51. exf6+ Kxf6 52. Kf2 Re4 53. Ra2 Rc4
54. Rc2 Ra3 55. Kg2 Ra6 56. Kf2 Rac6 57. Ke3 Kf5 58. Ra2 Rxc3 59. Ra8 Rc8 60.
Rxc8 Rxc8 61. Kf3 Rc5 62. Ra3 d4 63. Ra4 Rc3+ 64. Kf2 Ke4 65. Ra6 Rc2+ 66. Ke1
Kd5 67. Ra5+ Rc5 68. Ra8 Rc3 69. Rd8+ Ke4 70. Kf2 Rc2+ 71. Ke1 Rg2 72. Re8 Rxg3
73. Rxe6+ Kxf4 74. Rf6+ Ke5 75. Rf8 Rg4 76. Rg8 Ke4 77. Kf2 Rf4+ 78. Ke2 Kf5
79. Rg7 Re4+ 80. Kd3 Rxh4 81. Rf7+ Ke6 82. Rg7 Kf6 83. Ra7 Rf4 84. Ra6+ Kg5 85.
Ra5+ Kg4 0-1

[Event "Paul Keres mem (31st)"]
[Site "Vancouver CAN"]
[Date "2006.05.20"]
[Round "3.8"]
[White "McLaren, Brian"]
[Black "Hughey, Micah"]
[Result "1-0"]
[WhiteElo "2232"]
[BlackElo "2005"]
[PlyCount "73"]
[EventDate "2006.05.19"]
[EventType "swiss"]
[EventRounds "6"]
[EventCountry "CAN"]

1. e4 e5 2. Bc4 Nc6 3. c3 Nf6 4. Qe2 Bc5 5. Nf3 O-O 6. d3 d5 7. Bb3 h6 8. Nbd2
Be6 9. Nf1 Qd7 10. Ba4 dxe4 11. dxe4 Qd6 12. Ng3 Ne7 13. O-O Ng6 14. b4 Bb6 15.
Rd1 Qe7 16. Nf5 Bxf5 17. exf5 Nh8 18. h3 e4 19. Re1 Qd6 20. Nd2 Qe5 21. Nxe4
Qxf5 22. Ng3 Qc8 23. Qf3 Qd8 24. Nf5 Ng6 25. Rd1 Qc8 26. Nxh6+ Kh7 27. Bc2 Qe6
28. Nf5 Rad8 29. Bg5 Rxd1+ 30. Rxd1 Qxa2 31. Bxf6 Qxc2 32. Bxg7 Bxf2+ 33. Kh2
Re8 34. Bf6 Qe2 35. Rd7 Qe6 36. Qh5+ Kg8 37. Nh6+ 1-0

[Event "Paul Keres mem (31st)"]
[Site "Vancouver CAN"]
[Date "2006.05.20"]
[Round "3.9"]
[White "Niksic, John"]
[Black "Milicevic, Dragoljub"]
[Result "1/2-1/2"]
[WhiteElo "2005"]
[BlackElo "2135"]
[PlyCount "104"]
[EventDate "2006.05.19"]
[EventType "swiss"]
[EventRounds "6"]
[EventCountry "CAN"]

1. Nf3 f5 2. d4 g6 3. g3 Bg7 4. Bg2 Nf6 5. c4 O-O 6. Nc3 d6 7. O-O c6 8. Qc2
Qc7 9. b3 a5 10. Bb2 Na6 11. Rac1 e5 12. dxe5 dxe5 13. e4 Nb4 14. Qe2 fxe4 15.
Ng5 Bg4 16. Qe3 Nd3 17. Rc2 Nxb2 18. Rxb2 Rad8 19. Ngxe4 Nxe4 20. Nxe4 Rd4 21.
Re1 Qd7 22. Qc3 Ra8 23. Bf1 Qf5 24. Bg2 Bh3 25. Rbe2 Bxg2 26. Kxg2 b6 27. a4 c5
28. Re3 Qd7 29. Rf3 Qc6 30. Qe3 Re8 31. Kg1 h6 32. h3 Red8 33. Kh2 Rf8 34.
Rxf8+ Kxf8 35. Qf3+ Kg8 36. g4 Rd8 37. h4 Rf8 38. Qe2 Qe6 39. f3 Rd8 40. Rd1
Rd4 41. Kg3 Qf7 42. Kh3 Qd7 43. Rxd4 exd4 44. Nf2 h5 45. Qe4 hxg4+ 46. Qxg4 Qf5
47. h5 Qxh5+ 48. Qxh5 gxh5 49. Kh4 Kf7 50. Kxh5 Kf6 51. Kg4 Ke6 52. Nd3 Bh6
1/2-1/2

[Event "Paul Keres mem (31st)"]
[Site "Vancouver CAN"]
[Date "2006.05.20"]
[Round "3.10"]
[White "Yearwood, Roy"]
[Black "Landingin, Jofrei"]
[Result "1/2-1/2"]
[WhiteElo "2100"]
[BlackElo "1675"]
[PlyCount "81"]
[EventDate "2006.05.19"]
[EventType "swiss"]
[EventRounds "6"]
[EventCountry "CAN"]

1. c4 Nf6 2. Nc3 g6 3. g3 Bg7 4. Bg2 O-O 5. e4 d6 6. Nge2 e5 7. d3 Nc6 8. O-O
Be6 9. Nd5 Ne7 10. f4 Nfxd5 11. exd5 Bg4 12. fxe5 dxe5 13. Be3 c6 14. h3 Bxe2
15. Qxe2 cxd5 16. cxd5 Nxd5 17. Bc5 Ne7 18. d4 Rc8 19. Rad1 b6 20. dxe5 Qc7 21.
Bd6 Qd7 22. e6 fxe6 23. Rxf8+ Bxf8 24. Ba3 Nd5 25. Bxf8 Rxf8 26. Qg4 Rf5 27.
Qd4 Qc7 28. Re1 Qxg3 29. Rxe6 Nf4 30. Re8+ Rf8 31. Rxf8+ Kxf8 32. Qh8+ Kf7 33.
Qxh7+ Kf6 34. Qh8+ Kf7 35. Qh7+ Ke6 36. Qg8+ Kf6 37. Qh8+ Kg5 38. Qe5+ Kh6 39.
Qh8+ Kg5 40. Qd8+ Kh5 41. Qh8+ 1/2-1/2

[Event "Paul Keres mem (31st)"]
[Site "Vancouver CAN"]
[Date "2006.05.20"]
[Round "3.11"]
[White "Trandafir, Stefan"]
[Black "Jiang, Louie"]
[Result "1-0"]
[WhiteElo "1717"]
[BlackElo "2073"]
[PlyCount "101"]
[EventDate "2006.05.19"]
[EventType "swiss"]
[EventRounds "6"]
[EventCountry "CAN"]

1. d4 d5 2. Nf3 Nf6 3. e3 e6 4. Bd3 c5 5. c3 Nc6 6. Nbd2 Bd6 7. O-O O-O 8. e4
dxe4 9. Nxe4 Nxe4 10. Bxe4 cxd4 11. Nxd4 Bxh2+ 12. Kxh2 Qh4+ 13. Kg1 Qxe4 14.
Re1 Qg6 15. Re3 Rd8 16. Rg3 Qe4 17. Bh6 g6 18. Nxc6 Rxd1+ 19. Rxd1 Bd7 20. Ne7+
Kh8 21. Rxd7 Re8 22. Rgd3 Qe1+ 23. Kh2 Qe5+ 24. f4 Qh5+ 25. Rh3 Qb5 26. Nxg6+
fxg6 27. Rc7 Qb6 28. Bg7+ Kg8 29. Be5 h5 30. Rg3 Kf8 31. Rd7 Rd8 32. Bd6+ Qxd6
33. Rxd6 Rxd6 34. Rxg6 Rd2 35. Rxe6 Rxb2 36. Rh6 Rxa2 37. Rxh5 Rc2 38. Rh7 Rxc3
39. Rxb7 Rc4 40. g3 a5 41. Ra7 a4 42. Kh3 Ke8 43. Kg4 Kd8 44. Kg5 Rc3 45. g4
Ra3 46. f5 Ra1 47. f6 Ke8 48. f7+ Kf8 49. Kg6 Rf1 50. Ra8+ Ke7 51. Re8+ 1-0

[Event "Paul Keres mem (31st)"]
[Site "Vancouver CAN"]
[Date "2006.05.20"]
[Round "3.12"]
[White "Toubale, Tarek"]
[Black "Schemm, Michael"]
[Result "1-0"]
[WhiteElo "2166"]
[BlackElo "2033"]
[PlyCount "101"]
[EventDate "2006.05.19"]
[EventType "swiss"]
[EventRounds "6"]
[EventCountry "CAN"]

1. e4 g6 2. d4 d6 3. c4 Bg7 4. Nc3 b6 5. Be3 Nd7 6. Qd2 Bb7 7. Nge2 a6 8. f3 h6
9. h4 e6 10. O-O-O b5 11. Nf4 Ne7 12. cxb5 axb5 13. Bxb5 c6 14. Bc4 d5 15. Bb3
Nb6 16. Nd3 Ba6 17. Ne5 Bxe5 18. dxe5 Bc4 19. Qf2 Nec8 20. f4 Bxb3 21. axb3 Nd7
22. f5 exf5 23. exf5 gxf5 24. Qxf5 Ne7 25. Qh5 Qb8 26. e6 Qxb3 27. exd7+ Kxd7
28. Qg4+ f5 29. Qe2 Ra1+ 30. Nb1 Rg8 31. Bc5 Ng6 32. Qd3 Qxd3 33. Rxd3 Ne5 34.
Rd2 Rg3 35. Kc2 Nc4 36. Re2 Ra2 37. Bd4 c5 38. Bc3 d4 39. Kb3 Ra1 40. Kxc4 dxc3
41. Rd1+ Kc6 42. bxc3 Ra4+ 43. Kb3 Rxh4 44. Na3 Rd4 45. Rh1 Rd6 46. Nc4 Rf6 47.
Ra1 Kc7 48. Ra7+ Kb8 49. Ree7 Rxg2 50. Reb7+ Kc8 51. Nb6+ 1-0

[Event "Paul Keres mem (31st)"]
[Site "Vancouver CAN"]
[Date "2006.05.20"]
[Round "3.13"]
[White "Tegzes, Laszlo"]
[Black "Krzyzowski, Ernie"]
[Result "1-0"]
[WhiteElo "2109"]
[BlackElo "1685"]
[PlyCount "49"]
[EventDate "2006.05.19"]
[EventType "swiss"]
[EventRounds "6"]
[EventCountry "CAN"]

1. e4 Nf6 2. e5 Nd5 3. c4 Nb6 4. c5 Nd5 5. Bc4 e6 6. Nc3 Nxc3 7. dxc3 Bxc5 8.
Qg4 g6 9. Bh6 Bf8 10. Bg5 Be7 11. h4 Nc6 12. Nf3 h5 13. Qf4 Bxg5 14. Nxg5 Qe7
15. Ne4 b6 16. O-O-O a5 17. Bb5 Nb8 18. Rd2 Kf8 19. Nf6 c6 20. Bd3 Kg7 21. Qg5
Kf8 22. Rh3 d6 23. exd6 Qxd6 24. Bxg6 Qc7 25. Nh7+ 1-0

[Event "Paul Keres mem (31st)"]
[Site "Vancouver CAN"]
[Date "2006.05.20"]
[Round "3.14"]
[White "Long, Hugh"]
[Black "Phonchiangkwong, Sumon Chai"]
[Result "0-1"]
[WhiteElo "1724"]
[BlackElo "1881"]
[PlyCount "42"]
[EventDate "2006.05.19"]
[EventType "swiss"]
[EventRounds "6"]
[EventCountry "CAN"]

1. e4 e5 2. Nf3 Nc6 3. c3 Nf6 4. Bd3 d5 5. exd5 Qxd5 6. Bc2 e4 7. Bb3 Qd6 8.
Ng5 Ne5 9. Na3 Nd3+ 10. Kf1 Qf4 11. Qe2 Qxg5 12. Qe3 Qf5 13. h3 Bc5 14. g4 Qg6
15. Qg3 Bxf2 16. Qxc7 O-O 17. Nc4 h5 18. Nd6 Be6 19. Bxe6 fxe6 20. b3 Bb6 21.
Qe7 Nd5+ 0-1

[Event "Paul Keres mem (31st)"]
[Site "Vancouver CAN"]
[Date "2006.05.20"]
[Round "3.15"]
[White "Ozkan, Charlie"]
[Black "North, Robert"]
[Result "1/2-1/2"]
[WhiteElo "1901"]
[BlackElo "1966"]
[PlyCount "83"]
[EventDate "2006.05.19"]
[EventType "swiss"]
[EventRounds "6"]
[EventCountry "CAN"]

1. Nf3 Nf6 2. b3 g6 3. Bb2 Bg7 4. c4 c5 5. g3 O-O 6. Bg2 d6 7. O-O e5 8. d3 Nc6
9. Nbd2 Bf5 10. Nh4 Bd7 11. a3 Qc8 12. Bc3 Bh3 13. b4 Bxg2 14. Kxg2 b6 15. e4
Qd7 16. Nb3 Rae8 17. Ra2 h6 18. b5 Ne7 19. Qa1 g5 20. Nf3 Nh5 21. Qd1 g4 22.
Nh4 Bf6 23. Nf5 Nxf5 24. Qxg4+ Nhg7 25. exf5 Qxf5 26. Qxf5 Nxf5 27. Re1 Re6 28.
Rae2 Rfe8 29. Nd2 Bg7 30. Ne4 Ne7 31. Bd2 Nf5 32. Be3 Nd4 33. Bxd4 cxd4 34. Nd2
f5 35. f3 Kf7 36. a4 h5 37. h3 Bh6 38. Nf1 Rg6 39. Kh2 Rge6 40. Kg2 Rg6 41. Kh2
Rge6 42. Kg2 1/2-1/2

[Event "Paul Keres mem (31st)"]
[Site "Vancouver CAN"]
[Date "2006.05.20"]
[Round "3.16"]
[White "Herodek, Joseph"]
[Black "Milner, Arik"]
[Result "0-1"]
[WhiteElo "1937"]
[BlackElo "1730"]
[PlyCount "132"]
[EventDate "2006.05.19"]
[EventType "swiss"]
[EventRounds "6"]
[EventCountry "CAN"]

1. Nf3 c6 2. c4 Nf6 3. Nc3 d5 4. cxd5 cxd5 5. d4 Nc6 6. e3 e6 7. a3 Be7 8. Bd3
O-O 9. O-O a6 10. Re1 Qc7 11. Bd2 Bd6 12. h3 e5 13. dxe5 Nxe5 14. Nxe5 Bxe5 15.
Rc1 Qb6 16. Na4 Qd8 17. Nc3 Be6 18. f4 Bd6 19. Ne2 Qb6 20. Rb1 Bc5 21. Nc3 d4
22. Na4 dxe3 23. Kh1 Qa7 24. Bc3 Be7 25. Bd4 Qb8 26. Nb6 Ra7 27. Bxe3 Rd8 28.
Qe2 g6 29. Red1 Nh5 30. Qf2 Bb3 31. Rd2 Bd6 32. Be2 Bxf4 33. Rxd8+ Qxd8 34.
Bxh5 Bxe3 35. Qxe3 Bc2 36. Rc1 gxh5 37. Qf2 Bf5 38. Qe3 Be6 39. Rc5 h6 40. Rc3
Qd1+ 41. Kh2 Qd6+ 42. Kg1 a5 43. Rd3 Qc7 44. Rc3 Qd6 45. Nc8 Qd1+ 46. Kf2 Ra8
47. Ne7+ Kf8 48. Rc7 Ke8 49. Qe5 Qd2+ 50. Kg1 Kd8 51. Qh8+ Kxc7 52. Qxa8 Qd4+
53. Kh1 Qd1+ 54. Kh2 Qd6+ 55. Kg1 Qxe7 56. Qxa5+ Kd7 57. Qa4+ Kd8 58. Qd4+ Ke8
59. Qh8+ Qf8 60. Qe5 Qe7 61. Qh8+ Kd7 62. Qd4+ Qd6 63. Qa4+ Kc7 64. Qa5+ Qb6+
65. Qxb6+ Kxb6 66. Kf2 Kb5 0-1

[Event "Paul Keres mem (31st)"]
[Site "Vancouver CAN"]
[Date "2006.05.21"]
[Round "4.1"]
[White "Pechisker, Alfred"]
[Black "Orlov, Georgi"]
[Result "1-0"]
[WhiteElo "2250"]
[BlackElo "2587"]
[PlyCount "131"]
[EventDate "2006.05.19"]
[EventType "swiss"]
[EventRounds "6"]
[EventCountry "CAN"]

1. d4 Nf6 2. c4 e6 3. Nc3 Bb4 4. Qc2 c5 5. Nf3 Nc6 6. e3 cxd4 7. exd4 d5 8. a3
Be7 9. c5 e5 10. dxe5 Ng4 11. Bb5 d4 12. Bxc6+ bxc6 13. Ne4 Qd5 14. Bf4 d3 15.
Qa4 Bf5 16. Nc3 Qxc5 17. O-O g5 18. Bxg5 Bxg5 19. Nxg5 O-O 20. Nf3 Nxe5 21.
Nxe5 Qxe5 22. Qxc6 d2 23. Qh6 Rad8 24. Rad1 Rd6 25. Qg5+ Kh8 26. Rxd2 h6 27.
Re2 Qxe2 28. Qxf5 Qd3 29. Qe5+ Kh7 30. g3 Qg6 31. Qe7 Rb8 32. b4 a6 33. Ne4 Re6
34. Qc7 Rbe8 35. f3 Kg8 36. Rd1 f5 37. Nc5 Re1+ 38. Rxe1 Rxe1+ 39. Kf2 Qe8 40.
Ne4 fxe4 41. Qc4+ Kg7 42. Kxe1 exf3+ 43. Kf2 Qh5 44. h4 Qf5 45. Qxa6 Qc2+ 46.
Kxf3 Qf5+ 47. Ke3 Qe5+ 48. Kf2 Qd4+ 49. Ke2 Qe5+ 50. Kd2 Qxg3 51. Qc4 Qf2+ 52.
Kc3 Qe1+ 53. Kc2 Qf2+ 54. Kb3 Qg1 55. b5 Qb1+ 56. Ka4 Kg6 57. Ka5 Kh5 58. Qc5+
Kg6 59. h5+ Kf7 60. a4 Qb3 61. b6 Qf3 62. Qc7+ Kf6 63. b7 Qd5+ 64. Ka6 Qd3+ 65.
Ka7 Qd4+ 66. Qb6+ 1-0

[Event "Paul Keres mem (31st)"]
[Site "Vancouver CAN"]
[Date "2006.05.21"]
[Round "4.2"]
[White "Kostin, Andrey"]
[Black "Meng, Fanhao"]
[Result "0-1"]
[WhiteElo "1963"]
[BlackElo "2255"]
[PlyCount "82"]
[EventDate "2006.05.19"]
[EventType "swiss"]
[EventRounds "6"]
[EventCountry "CAN"]

1. e4 c5 2. Nf3 e6 3. d4 cxd4 4. Nxd4 Nc6 5. Nxc6 bxc6 6. Bd3 Nf6 7. O-O d5 8.
e5 Nd7 9. f4 Nc5 10. Nc3 Be7 11. Kh1 O-O 12. Bxh7+ Kxh7 13. Qh5+ Kg8 14. Rf3 f6
15. Rh3 fxe5 16. Be3 d4 17. fxe5 Rf5 18. Qh7+ Kf7 19. g4 Rxe5 20. Rf3+ Bf6 21.
Bf4 Qg8 22. Qh3 dxc3 23. Bxe5 Ke7 24. Bxc3 Ne4 25. Rf4 Nxc3 26. bxc3 c5 27. Rb1
Bd7 28. Qe3 Qc8 29. Rf5 e5 30. Rf4 Qc6+ 31. Kg1 Qd5 32. c4 Qd6 33. Re4 g5 34.
Qe2 Bc6 35. Rd1 Qe6 36. Re3 Rd8 37. Rxd8 Kxd8 38. Qd3+ Kc8 39. h3 e4 40. Qf1
Bd4 41. Qf8+ Kb7 0-1